000 00874cam a22002773a 4500
001 26345
003 PGUSA
005 20140828083552.0
008 080818s2008||||xxu|||||s|||||000 1 eng d
040 _aPGUSA
_beng
042 _adc
050 4 _aPZ
100 1 _aRoy, Lillian Elizabeth,
_d1868-1932
245 1 0 _aGirl Scouts in the Adirondacks
_h[electronic resource] /
_cLillian Elizabeth Roy
260 _bProject Gutenberg,
_c2008
506 _aPublic domain in the USA.
516 _aElectronic text
653 _aNew York (State) -- Fiction
653 _aBoy Scouts -- Juvenile fiction
653 _aAdirondack Mountains (N.Y.) -- Juvenile fiction
653 _aCanoes and canoeing -- Juvenile fiction
653 _aGirl Scouts -- Juvenile fiction
830 0 _aProject Gutenberg
_v26345
856 4 0 _uhttp://www.gutenberg.org/ebooks/26345
942 _cEB
999 _c255600
_d255600